| 000 | 01134nam a2200277 a 4500 | ||
|---|---|---|---|
| 001 | 63862 | ||
| 003 | BD-RjUL | ||
| 005 | 20211209081237.0 | ||
| 008 | 170204s1994 bg a eng | | ||
| 020 |
_a9845081371 _c: Tk. 400.00 (Inland) |
||
| 035 | _a(BD-RjUL)63992 | ||
| 040 |
_aANL _beng _dANL _cBD-RjUL |
||
| 041 | _aeng | ||
| 082 |
_223 _a304.6095492021 _bBAB 1994 (NSAR) |
||
| 110 |
_aBangladesh Bureau of Statistics _9179266 |
||
| 245 | 1 | 0 |
_aBangladesh population census, 1991 = বাংলাদেশ আদমশুমারী, ১৯৯১ : _bNational Series / _cBangladesh Bureau of Statistics |
| 246 | _aবাংলাদেশ আদমশুমারী, ১৯৯১ = Bangladesh population census, 1991 | ||
| 260 |
_aDhaka, : _bBangladesh Bureau of Statistics, _c1994 |
||
| 300 |
_a v. : _bIll ; _c28 cm. |
||
| 490 |
_aNational series: Analytical Report ; _vv.1 |
||
| 505 | 0 | _aVol. 1, Analytical Report -- | |
| 651 |
_aBangladesh _vcensus, 1991 _9189617 |
||
| 651 |
_aBangladesh _xPopulation _vStatistics _y1991 _9189618 |
||
| 830 |
_aNational series: Analytical Report ; _vv.1 _9189631 |
||
| 942 |
_2ddc _cRAR |
||
| 999 |
_c63862 _d63862 |
||